Quiz o Napoleonie - Statystyki

Ogólne statystyki
  • Ten quiz został rozwiązany 54 razy
    50 od ostatniego zresetowania
  • Średni wynik to 9 z 14
Statystyki odpowiedzi
Wskazówka Odpowiedź % Poprawnych
Rok w którym został cesarzem 1804
95%
Wyspa na której się urodził Korsyka
88%
Wyspa na której zmarł Wyspa {Świętej Heleny}
88%
Jak nazywała się Polska kiedy ją wyzwolił? Księstwo {Warszawskie}
85%
Funkcja którą pełnił przed cesarzem Pierwszy {Konsul}
83%
Związek w którym był protektorem Związek {Reński}
75%
Rok urodzenia 1769
73%
miasto które najechał, ale zostało spalone Moskwa
73%
Państwo do którego należała ta wyspa Wielka Brytania
73%
Rok śmierci 1821
65%
Miasto w którym się urodził Ajaccio
33%
Oryginalne nazwisko Napoleona Buonaparte
30%
Dzień koronacji Napoleona na cesarza 2 grudnia
23%
Rozpoczął kampanię w... Egipt / Włochy
23%
Nie znaleziono quizów pasujących do podanych kryteriów
Rozkład punktacji
Procent ludzi z każdym wynikiem
Percentyl według liczby udzielonych odpowiedzi
Twoja historia wyników
Nie rozwiązałeś tego quizu od ostatniego zresetowania